000
00318nam a22001457a 4500
082
_a
617.6342
_b
C13G
100
_a
GUPTA,RUCHI
245
_a
CONSERVATIVE DENTISTRY
250
_a
1ST
260
_a
DELHI
_b
ELSEVIER
_c
2013
300
_a
521
650
_a
CONSERVATIVE DENTISTRY
653
_a
FD7316
942
_2
ddc
_c
BK
_0
5
999
_c
9536
_d
9536